005610000a22001690004500003001100000008004100011040003900052041000800091100001900099245008500118260006300203300000900266650001500275942000700290952007900297999001500376LK-CoMWRAF230817t ||||| |||| 00| 0 eng d aLK-CoMWRAFdLK-CoMWRAFeLK-CoMWRAF aeng aJameel, S.H.M. aKalanidi Jayahvin Kalvip Panigal (Educational Contributions of Dr. T.B. Jayah)b bIslamic Book Publishing CentreaKalmunai (Sri Lanka)c1994 ap.60 aTamil Text cBK 00104070aMAINbMAINd2023-08-17l0p0003438r2023-08-17w2023-08-17yBK c2317d2317